[Event "Hafnarfjordur"]
[Site "Hafnarfjordur"]
[Date "1997.??.??"]
[Round "9"]
[White "Kinsman, Andrew PH"]
[Black "Raetsky, Alexander"]
[Result "1/2-1/2"]
[WhiteElo "2395"]
[BlackElo "2405"]

1.d4 d5 2.Nf3 e6 3.c4 dxc4 4.e3 Nf6 5.Bxc4 c5 6.O-O a6 7.dxc5 Bxc5 8.Qxd8+ Kxd8
9.b3 Ke7 10.Bb2 Nbd7 11.Be2 b6 12.Nbd2 Bb7 13.a3 Rhc8 14.b4 Bd6 15.Nc4 Bc7
16.Rac1 b5 17.Nce5 Nxe5 18.Nxe5 Bd6 19.Bd4 Ne4 20.Bf3 f6 21.Nd3 Bd5 22.Rfd1 Rxc1
23.Rxc1 a5 24.Nc5 Nxc5 25.bxc5 Bc7 26.Bxd5 exd5 27.f4 b4 28.axb4 axb4 29.Rb1 Rb8
30.Kf2 Kd7 31.Ke2 Kc6 32.Kd3 Kb5 33.Ra1 Ba5 34.Kc2 f5 35.Kb3 g6 36.c6 Rc8
37.Rc1 Rxc6 38.Rxc6 Kxc6 39.Ka4 Bc7 40.Kxb4 g5 41.g3 g4 42.Kc3 Bd8 43.Kd3 h5
44.Bc3 Kc5 45.Be5 h4 46.Bc3 h3 47.Be1 Bb6 48.Bf2 Kb4 49.Ke2 Kc3 50.Be1+ Kc2
51.Bf2 Kc3 52.Be1+ Kc4 53.Bf2 Ba5 54.Bg1 d4 55.exd4 Bb6 56.Bf2 Bxd4 57.Bxd4 Kxd4
58.Kf2 Kd3 59.Kg1 Ke2 60.Kh1 Kf1  1/2-1/2

[Event "FIN-ch"]
[Site "Helsinki"]
[Date "1997.??.??"]
[Round "8"]
[White "Maki Uuro, Miikka"]
[Black "Pulkkinen, Kari"]
[Result "0-1"]
[WhiteElo "2295"]
[BlackElo "2325"]

1.d4 d5 2.c4 dxc4 3.Nf3 Nf6 4.e3 e6 5.Bxc4 c5 6.O-O a6 7.Qe2 b5 8.Bd3 Nbd7
9.a4 b4 10.a5 Bb7 11.Nbd2 Be7 12.Nc4 O-O 13.Nfe5 Rc8 14.Rd1 cxd4 15.exd4 Nd5
16.Nxd7 Qxd7 17.Ne5 Qd6 18.Qe4 f5 19.Qe2 Rxc1 20.Raxc1 Nf4 21.Qc2 Bxg2 22.Qc5 Qd8
23.Qc7 Qd5 24.h4 Bxh4 25.Qd7 Nh3+ 26.Kh2 Nxf2 27.Bc4 Ng4+ 28.Nxg4 Qxd7 29.Ne5 Qb7
30.Bxe6+ Kh8 31.d5 Be4 32.d6 g6 33.Rc7 Qb5 34.Nc4 f4 35.Rd4 Bg3+ 36.Kg1 Qh5
37.Rxe4 Qh2+ 38.Kf1 Qf2+  0-1

[Event "HUN-chT 9798"]
[Site "Hungary"]
[Date "1997.??.??"]
[Round "?"]
[White "Pinter, Jozsef"]
[Black "Groszpeter, Attila"]
[Result "1-0"]
[WhiteElo "2575"]
[BlackElo "2540"]

1.d4 d5 2.c4 dxc4 3.Nf3 Nf6 4.e3 e6 5.Bxc4 c5 6.O-O a6 7.Bd3 b6 8.Nc3 Bb7
9.a3 Nbd7 10.Qe2 Bd6 11.h3 O-O 12.Rd1 Qe7 13.e4 cxd4 14.Nxd4 Rfd8 15.Bc2 Rac8
16.Kh1 Bb8 17.Nf3 h6 18.Be3 b5 19.Bd4 Nf8 20.Be5 Ba7 21.Bh2 b4 22.axb4 Qxb4
23.Bd3 Ng6 24.Ne5 Nxe5 25.Bxe5 Nd7 26.Ra4 Qe7 27.Bd4 Bxd4 28.Rxd4 Nc5 29.Bc2 Rxd4
30.Rxd4 Rd8 31.Qd2 Rxd4 32.Qxd4 Qc7 33.Kg1 a5 34.Nb5 Qb6 35.Nd6 Qb4 36.Qe3 Ba6
37.e5 Nd7 38.b3 Qc5 39.Qe4 Qxe5 40.Qa8+ Nf8 41.Qxa6  1-0

[Event "HUN-chT 9798"]
[Site "Hungary"]
[Date "1997.??.??"]
[Round "?"]
[White "Wells, Peter K"]
[Black "Almasi, Istvan"]
[Result "1-0"]
[WhiteElo "2495"]
[BlackElo "2415"]

1.d4 d5 2.c4 dxc4 3.Nf3 Nf6 4.e3 e6 5.Bxc4 c5 6.O-O a6 7.a4 Nc6 8.Qe2 cxd4
9.Rd1 Be7 10.exd4 O-O 11.Nc3 Nd5 12.Bb3 b6 13.Nxd5 exd5 14.Ne5 Nb4 15.Bd2 Be6
16.Rac1 Qd6 17.Bf4 Qd8 18.Bd2 Qd6 19.Qf3 Rac8 20.Rxc8 Rxc8 21.Bxb4 Qxb4 22.Bxd5 Bf6
23.Nxf7 Bxd5 24.Qxd5 Qc4 25.Nh6+ Kh8 26.Qf5 Qc1 27.Rf1 Qc7 28.Nf7+ Kg8 29.Qe6 Rf8
30.Ne5+ Kh8 31.Nd7  1-0

[Event "HUN-chT 9798"]
[Site "Hungary"]
[Date "1997.??.??"]
[Round "?"]
[White "Ruck, Robert"]
[Black "Izsak, Gyula"]
[Result "1/2-1/2"]
[WhiteElo "2450"]
[BlackElo "2400"]

1.d4 d5 2.c4 dxc4 3.Nf3 Nf6 4.e3 e6 5.Bxc4 c5 6.O-O a6 7.Bd3 Nc6 8.Nc3 cxd4
9.exd4 Be7 10.Bg5 O-O 11.Rc1 Nd5 12.Nxd5 exd5 13.Bxe7 Qxe7 14.Rc5 Be6 15.Re1 g6
16.Qc1 Qf6 17.Qc3 Rfe8 18.a3 Qf4 19.Qc1  1/2-1/2

[Event "World Cities"]
[Site "Jakarta "]
[Date "1997.??.??"]
[Round "6"]
[White "Nenashev, Alexander"]
[Black "Nguyen Anh Dung"]
[Result "1-0"]
[WhiteElo "2585"]
[BlackElo "2465"]

1.d4 d5 2.c4 dxc4 3.Nf3 Nf6 4.e3 e6 5.Bxc4 c5 6.O-O a6 7.Nc3 b5 8.Bb3 Bb7
9.Re1 Nbd7 10.e4 cxd4 11.Nxd4 Nc5 12.f3 Nxb3 13.Nxb3 Be7 14.Be3 O-O 15.Bc5 Bxc5+
16.Nxc5 Qb6 17.Qd4 Rfd8 18.Qf2 Rac8 19.Rad1 Bc6 20.a3 h6 21.b4 a5 22.Nb3 Qxf2+
23.Kxf2 axb4 24.axb4 Rxd1 25.Rxd1 Be8 26.Nc5 Kf8 27.Ke3 Ra8 28.Rd6 Ra3 29.Kd2 Ra1
30.e5 Nd5 31.Nxd5 exd5 32.Ke3 Rd1 33.Kf4 Rd2 34.g4 Rxh2 35.Rxd5 Ke7 36.Ke3 h5
37.gxh5 Rxh5 38.Nd3 Rh3 39.Nf4 Rh1 40.Rd6 Re1+ 41.Kd4 Rd1+ 42.Kc5 Rxd6 43.exd6+ Kf6
44.Nd5+ Ke5 45.Nc7 Bd7 46.Nxb5  1-0

[Event "RUS-ch (Women) sf"]
[Site "Kolontaevo"]
[Date "1997.??.??"]
[Round "?"]
[White "Ovchinikova, Julia"]
[Black "Timofeeva, Lidia"]
[Result "1-0"]
[WhiteElo "2235"]
[BlackElo "2135"]

1.d4 d5 2.c4 dxc4 3.Nf3 Nf6 4.e3 e6 5.Bxc4 c5 6.O-O a6 7.Qe2 Nbd7 8.e4 cxd4
9.e5 d3 10.Qxd3 Ng4 11.Qe4 f5 12.exf6 Ndxf6 13.Qe2 Bc5 14.h3 Nxf2 15.Rxf2 Qb6
16.Nc3 Bxf2+ 17.Qxf2 Qxf2+ 18.Kxf2 b5 19.Bb3 O-O 20.Be3 h6 21.Kg1 Rd8 22.Re1 Nd5
23.Nxd5 exd5 24.Bd4 Rb8 25.g4 Rd7 26.Re8+  1-0

[Event "Cassovia op"]
[Site "Kosice"]
[Date "1997.??.??"]
[Round "?"]
[White "Krivoshey, Sergei"]
[Black "Jakubek, Peter"]
[Result "1/2-1/2"]
[WhiteElo "2450"]
[BlackElo "2265"]

1.Nf3 d5 2.d4 e6 3.c4 dxc4 4.e3 Nf6 5.Bxc4 c5 6.O-O Nc6 7.Nc3 cxd4 8.exd4 Be7
9.a3 O-O 10.Bd3 b6 11.Bc2 Bb7 12.Bg5 Nd5 13.Qd3 g6 14.Bh6 Re8 15.Ne4 Nf6
16.Ng3 Qd6 17.Rad1 Rad8 18.Rfe1 Na5 19.h4 Bxf3 20.Qxf3 Qd5 21.Qe2 Nb3 22.Be3 Rc8
23.h5 Bd6 24.hxg6 hxg6 25.Nf1 Na5 26.Bb1  1/2-1/2

[Event "RUS-Cup6"]
[Site "Krasnodar"]
[Date "1997.??.??"]
[Round "7"]
[White "Prokopchuk, Evgeny"]
[Black "Nadyrhanov, S."]
[Result "1-0"]
[WhiteElo "2440"]
[BlackElo "2480"]

1.d4 d5 2.Nf3 e6 3.c4 dxc4 4.e3 Nf6 5.Bxc4 c5 6.O-O a6 7.a4 Nbd7 8.Qe2 Qc7
9.Nc3 Bd6 10.Bd2 b6 11.d5 O-O 12.dxe6 fxe6 13.Ng5 Bxh2+ 14.Kh1 Ne5 15.Bxe6+ Bxe6
16.Nxe6 Qf7 17.Ng5 Qg6 18.Nh3 Neg4 19.f3 Nh5 20.Be1 Bc7 21.fxg4 Qd6 22.g3 Nxg3+
23.Bxg3 Qxg3 24.Qg2 Qxe3 25.Nd5 Qe5 26.Nxc7 Qxc7 27.Qd5+ Kh8 28.Ng5 Qe7 29.Nf7+ Kg8
30.Nd8+  1-0

[Event "Leeuwarden op"]
[Site "Leeuwarden"]
[Date "1997.??.??"]
[Round "1"]
[White "Gleizerov, Evgeny"]
[Black "Jonkman, Harmen"]
[Result "1/2-1/2"]
[WhiteElo "2560"]
[BlackElo "2365"]

1.d4 d5 2.c4 dxc4 3.e3 Nf6 4.Bxc4 e6 5.Nf3 c5 6.Qe2 a6 7.dxc5 Bxc5 8.O-O Nc6
9.e4 b5 10.Bb3 e5 11.Be3 Qb6 12.Nc3 Bxe3 13.fxe3 Be6 14.Nd5 Bxd5 15.exd5 Na5
16.Nxe5 Nxb3 17.axb3 Rd8 18.Rad1 O-O 19.Nc6  1/2-1/2

[Event "Leeuwarden op"]
[Site "Leeuwarden"]
[Date "1997.??.??"]
[Round "5"]
[White "Gleizerov, Evgeny"]
[Black "Yakovich, Yuri"]
[Result "1/2-1/2"]
[WhiteElo "2560"]
[BlackElo "2610"]

1.d4 d5 2.c4 dxc4 3.e3 e6 4.Bxc4 c5 5.Nf3 Nf6 6.Qe2 a6 7.dxc5 Bxc5 8.O-O b5
9.Bd3 Nc6 10.Rd1 Qc7 11.a4 bxa4  1/2-1/2

[Event "Anibal op 4th"]
[Site "Linares"]
[Date "1997.??.??"]
[Round "1"]
[White "De Sousa, Jose"]
[Black "Cifuentes Parada, Roberto"]
[Result "0-1"]
[WhiteElo "2240"]
[BlackElo "2515"]

1.d4 d5 2.c4 dxc4 3.e3 c5 4.Bxc4 e6 5.Nf3 Nf6 6.O-O a6 7.Qe2 cxd4 8.exd4 Be7
9.Nc3 O-O 10.Bg5 b5 11.Bd3 Bb7 12.Rad1 Nbd7 13.Bb1 b4 14.Ne4 Nxe4 15.Bxe7 Qxe7
16.Bxe4 Bxe4 17.Qxe4 Nf6 18.Qe2 Qd6 19.Rc1 Rfc8 20.Rc4 Rxc4 21.Qxc4 a5 22.Rc1 Qd5
23.Qxd5 Nxd5 24.g3 f6 25.Rc4 Kf7 26.h4 h5 27.Kf1 Ra7 28.Ne1 Ke7 29.Nc2 Nb6
30.Rc6 Na4 31.b3 Kd7 32.Rc4 Nc3 33.a3 Ne4 34.Ke2 Nd6 35.Rc5 a4 36.Nxb4 axb3
37.Nd3 Rxa3 38.Rc1 Nb5 39.Ke3 b2  0-1

[Event "Ljubljana op"]
[Site "Ljubljana"]
[Date "1997.??.??"]
[Round "4"]
[White "Mikac, Matjaz"]
[Black "Grinfeld, Alla B"]
[Result "1/2-1/2"]
[WhiteElo "2440"]
[BlackElo "2280"]

1.Nf3 d5 2.d4 Nf6 3.c4 dxc4 4.e3 e6 5.Bxc4 c5 6.O-O a6 7.a4 Nc6 8.Qe2 Qc7
9.Nc3 Bd6 10.Rd1 O-O 11.h3 b6 12.dxc5 bxc5 13.Bd2 Bb7 14.Rac1 Rfd8 15.Be1 h6
16.Nb1 e5 17.Bc3 e4 18.Nh4 Ne5 19.Nf5 Bf8 20.Rxd8 Rxd8 21.Bxa6 Nd3 22.Bxf6 gxf6
23.Bxb7 Nxc1 24.Qb5 Kh8 25.Bxe4 Qe5 26.Nc3 Rd2 27.f4 Qe6  1/2-1/2

[Event "CRO-chT2"]
[Site "Medulin"]
[Date "1997.??.??"]
[Round "?"]
[White "Jelen, Igor"]
[Black "Krizsany, Laszlo"]
[Result "1/2-1/2"]
[WhiteElo "2405"]
[BlackElo "2435"]

1.d4 d5 2.c4 dxc4 3.Nf3 Nf6 4.e3 c5 5.Bxc4 e6 6.O-O a6 7.a4 Nc6 8.Qe2 cxd4
9.Rd1 Be7 10.exd4 O-O 11.Nc3 Nb4 12.Ne5 Bd7 13.Qf3 Bc6 14.Nxc6 bxc6 15.a5 Nc2
16.Ra2 Nxd4  1/2-1/2

[Event "Carlos Torre mem op"]
[Site "Merida"]
[Date "1997.??.??"]
[Round "5"]
[White "Arencibia, Walter"]
[Black "Nogueiras, Jesus"]
[Result "1/2-1/2"]
[WhiteElo "2550"]
[BlackElo "2535"]

1.d4 d5 2.c4 dxc4 3.Nf3 Nf6 4.e3 e6 5.Bxc4 c5 6.O-O a6 7.Bb3 cxd4 8.exd4 Nc6
9.Nc3 Be7 10.Re1 O-O 11.a3 Na5 12.Ba2 b5 13.d5 exd5 14.Nxd5 Nxd5 15.Qxd5 Bb7
16.Qxd8 Bxd8 17.Ne5 Bc7 18.Bd2 Bxe5 19.Rxe5 Nc4 20.Bxc4 bxc4 21.Bb4 Rfe8
22.Rae1 Rxe5 23.Rxe5 Rd8 24.f3 f6 25.Re7 Bc6 26.Rc7 Bb5 27.Kf2  1/2-1/2

[Event "Metz op"]
[Site "Metz"]
[Date "1997.??.??"]
[Round "3"]
[White "Merstorf, Denis"]
[Black "Karp, Serge"]
[Result "0-1"]
[WhiteElo "1850"]
[BlackElo "2145"]

1.d4 d5 2.c4 dxc4 3.Nf3 Nf6 4.e3 e6 5.Bxc4 c5 6.O-O a6 7.a4 Nc6 8.Qe2 Qc7
9.Rd1 Be7 10.Nc3 O-O 11.h3 Rd8 12.dxc5 Rxd1+ 13.Qxd1 Bxc5 14.e4 h6 15.Qe2 Nd4
16.Nxd4 Bxd4 17.Bd2 Bd7 18.Rc1 Rc8 19.Nd1 Qe5 20.Bd3 Rxc1 21.Bxc1 Bxa4 22.Nc3 Bc6
23.Kh1 Qa5 24.f4 Qa1 25.Qc2 Be3 26.Ne2 Bxc1 27.Nxc1 Nxe4 28.Kh2 Nf6 29.f5 exf5
30.Bxf5 Qa5 31.Nb3 Qe5+ 32.Kh1 Nd5 33.Qe4 Qxe4 34.Bxe4 Nb4 35.Bb1 Kf8 36.Nd4 Bd5
37.Kg1 g6 38.g3 Ke7 39.Kf2 Kd6 40.Ke3 Ke5 41.h4 h5 42.Ne2 Bc4 43.Ng1 Bd5
44.Ne2 Bc6 45.Ng1 f5 46.Nf3+ Bxf3 47.Kxf3 a5 48.Ke3 b5 49.Kf3 Nd5 50.Bd3 b4
51.Bb5 Nc7 52.Bc4 a4 53.Ke3 Nd5+ 54.Kd3 f4 55.gxf4+ Nxf4+ 56.Kc2 Ng2 57.Bb5 a3
58.bxa3 bxa3 59.Kb3 Nxh4 60.Kxa3 Nf3 61.Kb2 Nd4 62.Be8 h4 63.Bd7 Ke4 64.Kc1 Kf3
65.Kd2 g5 66.Kd3 Ne2 67.Bc6+ Kf2 68.Ke4 g4 69.Kf5 Kg3 70.Kg5 h3 71.Bb7 Nd4
72.Bh1 h2  0-1

[Event "Minsk op"]
[Site "Minsk"]
[Date "1997.??.??"]
[Round "8"]
[White "Ulibin, Mikhail"]
[Black "Galinsky, Timofey"]
[Result "1-0"]
[WhiteElo "2555"]
[BlackElo "2300"]

1.d4 d5 2.c4 dxc4 3.e3 Nf6 4.Bxc4 e6 5.Nf3 c5 6.Qe2 a6 7.dxc5 Bxc5 8.O-O O-O
9.e4 Nc6 10.e5 Nd7 11.Rd1 Qc7 12.Bf4 Rd8 13.Nc3 Nf8 14.Rxd8 Nxd8 15.Ne4 Be7
16.h4 Bd7 17.h5 Bc6 18.Bd3 Bxe4 19.Bxe4 Rc8 20.Rc1 Qd7 21.Rd1 Qe8 22.b3 Nc6
23.Nd2 Nd4 24.Qg4 Rd8 25.Bh6 g6 26.Bxb7 Qb5 27.Ne4 Nxb3 28.Rxd8 Bxd8 29.Bxa6 Qxa6
30.axb3 Qa1+ 31.Kh2 Bc7 32.Qg5 Qd1 33.f3 Bd8 34.Qd2 Qxd2 35.Bxd2 Nd7 36.hxg6 hxg6
37.b4 Bc7 38.f4 g5 39.fxg5 Nxe5  1-0

[Event "Mondariz op"]
[Site "Mondariz"]
[Date "1997.??.??"]
[Round "?"]
[White "Psakhis, Lev"]
[Black "Baron Rodriguez, Jesus"]
[Result "1-0"]
[WhiteElo "2565"]
[BlackElo "2380"]

1.d4 d5 2.c4 dxc4 3.Nf3 Nf6 4.e3 e6 5.Bxc4 c5 6.O-O Nc6 7.Qe2 cxd4 8.Rd1 Be7
9.exd4 O-O 10.Nc3 Na5 11.Bd3 b6 12.Ne5 Bb7 13.Bg5 Rc8 14.Rac1 Nd5 15.Qh5 f5
16.Bd2 Bf6 17.Qe2 Re8 18.Nf3 Nc6 19.Bb5 Kh8 20.a3 Re7 21.Qd3 Nc7 22.Bxc6 Bxc6
23.Bf4 Bb7 24.Be5 Rd7 25.h3 Qe8 26.Re1 Rcd8 27.Qe2 Qg6 28.Rcd1 Nd5 29.Bg3 Nc7
30.Kh2 Bxf3 31.Qxf3 Bxd4 32.Bxc7 Rxc7 33.Rxd4 Re8 34.Rd6 Qf7 35.Qe3 e5 36.Qd2 Rce7
37.Rd8 h6 38.Qd5 Qf6 39.Rxe8+ Rxe8 40.Kg1 Kh7 41.Rd1 e4 42.Qd4 Qg5 43.Re1 Rd8
44.Qe3 Qf6 45.Rd1 Rxd1+ 46.Nxd1 Qd6 47.Nc3 Qe6 48.Qd4  1-0

[Event "Petrosjan mem-J"]
[Site "Moscow"]
[Date "1997.??.??"]
[Round "?"]
[White "Iljin, Denis"]
[Black "Zakharov, Alexander S"]
[Result "1/2-1/2"]
[WhiteElo "2270"]
[BlackElo "2330"]

1.d4 d5 2.Nf3 Nf6 3.c4 dxc4 4.e3 e6 5.Bxc4 c5 6.Nc3 a6 7.a4 Nc6 8.O-O Qc7
9.Qe2 Bd6 10.Rd1 O-O 11.h3 b6 12.d5 exd5 13.Nxd5 Nxd5 14.Bxd5 Bb7 15.b3 Rad8
16.Bb2 Nd4 17.exd4 Bxd5 18.dxc5 Bxc5 19.Rd3 Rfe8 20.Ne5 Be6 21.Rad1 Rxd3
22.Qxd3 Be7 23.Rc1 Qb7 24.Nc6 Bf8 25.b4 b5 26.axb5 Qxb5 27.Qxb5 axb5 28.Nd4 Bc4
29.Bc3 Ra8 30.Nc6 f6 31.Bd4 Kf7 32.Bc5 Ra3 33.Bxf8 Kxf8 34.Na5 Bd3 35.Rd1 Ke7
36.Rc1 Kd7 37.Rc5 Ra1+ 38.Kh2 Bf1 39.Rd5+ Kc7 40.Rc5+ Kd6 41.Rc6+ Kd7 42.Ra6 Rb1
43.Ra7+ Kd6 44.Rxg7 Rxb4 45.Rxh7 Rb2 46.Kg3 b4 47.Rb7 Kc5 48.h4 Ra2 49.Nb3+ Kc4
50.Nc1 Ra3+ 51.f3 Kc3 52.h5 Kd2 53.Rxb4 Kxc1  1/2-1/2

[Event "Moscow-ch"]
[Site "Moscow"]
[Date "1997.??.??"]
[Round "2"]
[White "Baikov, Vladimir A"]
[Black "Karpatchev, Aleksandr"]
[Result "1/2-1/2"]
[WhiteElo "2455"]
[BlackElo "2390"]

1.d4 d5 2.c4 dxc4 3.e3 Nf6 4.Bxc4 e6 5.Nf3 c5 6.O-O a6 7.b3 Nc6 8.Bb2 cxd4
9.Nxd4 Bd7 10.Nd2 Be7 11.Be2 O-O 12.Bf3 Rc8 13.Rc1 Nd5 14.Bxd5 exd5 15.N2f3 Bf6
16.Nxc6 bxc6 17.Bxf6 Qxf6 18.Qd4 Rfe8 19.Qxf6 gxf6 20.Rc5 f5 21.Rfc1 f4 22.exf4 f6
23.g3 Re4 24.Kg2 Kf7 25.a3 Rg8 26.Ra5 Ra8 27.b4 Ke7 28.Nd2 Re2 29.Nb3 Kd6
30.Rac5 Rae8 31.R5c2 R8e3 32.Rxe2 Rxe2 33.Nc5 Bc8 34.h3 Rb2 35.g4 a5 36.Na4 Ra2
37.b5 cxb5 38.Nc3 Rb2 39.Nxb5+ Rxb5 40.Rxc8 Rb3 41.Rh8 d4 42.Rxh7 Rxa3 43.Rh6 Ke7
44.Rh5 Ke6 45.Rb5 d3 46.Kf3 d2+ 47.Ke2 Rd3 48.Rb1 Rxh3 49.Kxd2 f5 50.Rb6+ Ke7
51.g5 Rf3 52.Rf6 Rxf4 53.Ke3 Re4+ 54.Kf3 Re5 55.Kf4 Rb5 56.Ra6 Kf7 57.Kg3 Kg7
58.Kh4 Rb3 59.f4 Rf3 60.Rxa5 Rxf4+ 61.Kh5 Rb4  1/2-1/2

[Event "Moscow-ch"]
[Site "Moscow"]
[Date "1997.??.??"]
[Round "6"]
[White "Kiselev, Sergey"]
[Black "Dolinskij, Boris"]
[Result "1-0"]
[WhiteElo "2485"]
[BlackElo "2225"]

1.d4 d5 2.Nf3 e6 3.c4 dxc4 4.e3 c5 5.Bxc4 Nf6 6.O-O a6 7.Qe2 Nc6 8.dxc5 Bxc5
9.e4 b5 10.Bb3 Bb7 11.Nc3 Qc7 12.Be3 Bxe3 13.Qxe3 O-O 14.Rfe1 Na5 15.Rec1 Qe7
16.Nd2 Nxb3 17.axb3 Rfd8 18.f3 Qb4 19.Rc2 Qd4 20.Qxd4 Rxd4 21.Nxb5 Rd7 22.Nc3 Rad8
23.Nc4 Rd4 24.Na4 Nd7 25.Kf2 Bc6 26.Ke3 e5 27.Rd2 Rxd2 28.Kxd2 f6 29.Nc3 Kf7
30.Kc2 Nc5 31.Ra5 Nd3 32.Ne3 Nb4+ 33.Kc1 Ke6 34.Nc2 Nd3+ 35.Kb1 Bb7 36.b4 g6
37.b5 axb5 38.Rxb5 Bc6 39.Rb6 Kd7 40.Nb4 Nxb4 41.Rxb4 Kd6 42.Rc4 f5 43.Kc2 Rc8
44.b3 Rb8 45.b4 h5 46.h4 f4 47.Kb3 g5 48.hxg5 Rg8 49.Nb1 Rxg5 50.Rc2 Rg3
51.Kc4 h4 52.Rf2 Rg6 53.b5 Bb7 54.Nc3 h3 55.gxh3 Rg3 56.h4 Rh3 57.Rd2+ Kc7
58.Rd3 Rxh4 59.Kc5 Rh6 60.Nd5+ Kb8 61.Nb6 Kc7 62.Rd7+ Kb8 63.Nc4 Re6 64.Nd6 Ba8
65.b6  1-0

[Event "Nova Gorica op"]
[Site "Nova Gorica"]
[Date "1997.??.??"]
[Round "5"]
[White "Tratar, Marko"]
[Black "Mikhalchishin, Adrian"]
[Result "1/2-1/2"]
[WhiteElo "2420"]
[BlackElo "2515"]

1.Nf3 d5 2.d4 e6 3.c4 dxc4 4.e3 c5 5.Bxc4 Nf6 6.dxc5 Qxd1+ 7.Kxd1 Bxc5 8.Ke2 Ke7
9.a3 b6 10.b4 Bd6 11.Bb2 Bb7 12.Nbd2 a5 13.bxa5 Rxa5 14.Bd3 Ra8 15.Nc4 Bc5
16.Nd4 Nbd7  1/2-1/2

[Event "Nova Gorica op"]
[Site "Nova Gorica"]
[Date "1997.??.??"]
[Round "9"]
[White "Savchenko, Stanislav"]
[Black "Mikac, Matjaz"]
[Result "1-0"]
[WhiteElo "2575"]
[BlackElo "2440"]

1.Nf3 d5 2.d4 e6 3.c4 dxc4 4.e3 Nf6 5.Bxc4 c5 6.O-O a6 7.Bb3 cxd4 8.exd4 Nc6
9.Nc3 Be7 10.Bg5 O-O 11.Re1 h6 12.Bh4 b5 13.a3 Bb7 14.Qd3 Nh5 15.Bg3 Nxg3
16.hxg3 Bf6 17.Rad1 Ne7 18.Ne5 g6 19.Ng4 Bg7 20.Ne4 Nf5 21.Nc5 Qxd4 22.Nxh6+ Bxh6
23.Qxd4 Nxd4 24.Rxd4 Bg7 25.Rd6 Bc8 26.Re2 Ra7 27.Rc6 Bd4 28.Rd2 e5 29.Rxg6+ Kh7
30.Rc6 a5 31.Ne4 Kg7 32.Ng5 Rd7 33.Be6 Rdd8 34.Bxc8 Rxc8 35.Rxc8 Rxc8 36.Nf3 Rc1+
37.Kh2 Rb1 38.Nxd4 exd4 39.g4 Kf6 40.f4 Ke6 41.Rxd4 Rxb2 42.Re4+ Kf6 43.Re5 a4
44.Kh3 Kg6 45.g3 Rb3 46.Rc5 Kg7 47.g5 Rxa3 48.Rxb5 Ra1 49.Ra5 a3 50.Kg4 a2
51.Ra6 Kh7 52.Kf5 Kg7 53.g4 Kh7 54.Ra8 Kg7 55.Ra7 Kg8 56.g6 fxg6+ 57.Kxg6 Kf8
58.Kf5 Ke8 59.g5 Kd8 60.g6  1-0

[Event "RUS-Cup4"]
[Site "Perm"]
[Date "1997.??.??"]
[Round "5"]
[White "Volzhin, Alexander"]
[Black "Zakharov, Alexander V"]
[Result "0-1"]
[WhiteElo "2505"]
[BlackElo "2375"]

1.d4 d5 2.c4 dxc4 3.e3 Nf6 4.Bxc4 e6 5.Nf3 c5 6.O-O a6 7.b3 cxd4 8.Nxd4 Bd7
9.Bb2 Be7 10.Nd2 Nc6 11.Be2 O-O 12.Nc4 b5 13.Nxc6 Bxc6 14.Ne5 Qxd1 15.Rfxd1 Bd5
16.Rac1 Rac8 17.f3 Bc5 18.Kf2 Bb7 19.Nd3 Bb6 20.Ba3 Rxc1 21.Rxc1 Rc8 22.Nc5 Nd5
23.Kg3 Bxc5 24.Bxc5 b4 25.Kf2 Nc3 26.Bxb4 Ne4+ 27.fxe4 Rxc1 28.Bd3 Ra1 29.a4 Ra2+
30.Kf3 f5  0-1

[Event "ESP-chT"]
[Site "Ponferrada"]
[Date "1997.??.??"]
[Round "2"]
[White "Nogueiras, Jesus"]
[Black "Arencibia, Walter"]
[Result "1/2-1/2"]
[WhiteElo "2535"]
[BlackElo "2550"]

1.Nf3 d5 2.d4 Nf6 3.c4 dxc4 4.e3 e6 5.Bxc4 c5 6.O-O a6 7.Bd3 Nbd7 8.a4 b6
9.Nc3 Bb7 10.Qe2 Bd6 11.Rd1 Qb8 12.h3 O-O 13.Bd2 Re8 14.e4 cxd4 15.Nxd4 Bh2+
16.Kh1 Bf4 17.Rac1 Rd8 18.Nb3 Bxd2 19.Nxd2 Qf4 20.Kg1 Ne5 21.Bc2 Qg5 22.Nf3 Nxf3+
23.Qxf3 h6 24.Qe2 e5 25.g3 h5 26.h4 Qg4 27.Qxg4 hxg4 28.Rxd8+ Rxd8 29.Rd1 Rxd1+
30.Bxd1 a5 31.Bc2 Kf8 32.Kf1 Ba6+ 33.Ke1 Bc4 34.Kd2 Ke7 35.b3 Be6 36.Nb5 Bd7
37.Na3 Be6 38.Nb5 g6 39.Kc3 Kd7 40.b4 Ne8 41.Bd3 Nd6 42.Nxd6 Kxd6  1/2-1/2

[Event "ESP-chT"]
[Site "Ponferrada"]
[Date "1997.??.??"]
[Round "3"]
[White "Teran Alvarez, Ismael"]
[Black "Solana Suarez, Ernesto"]
[Result "1/2-1/2"]
[WhiteElo "2350"]
[BlackElo "2295"]

1.d4 d5 2.c4 dxc4 3.Nf3 Nf6 4.e3 e6 5.Bxc4 c5 6.O-O a6 7.a4 Qc7 8.Qe2 Nc6
9.Nc3 Bd6 10.Rd1 O-O 11.h3 b6 12.d5 exd5 13.Nxd5 Nxd5 14.Bxd5 Bb7 15.e4 Rad8
16.Bg5 Be7 17.Bxc6 Bxc6 18.Bxe7 Qxe7 19.Qxa6 Bxe4 20.Re1 Qb7 21.Qxb7 Bxb7
22.Re3 Rfe8 23.Rb3 Bxf3 24.gxf3 Re6 25.Rb5 h6 26.a5 bxa5 27.Rxc5 Rb8 28.Rcxa5 Rxb2
29.R5a2 Rg6+ 30.Kf1 Rxa2 31.Rxa2 Rg5 32.Ra6 Kh7 33.Rb6 f6 34.Rb4 Kg6 35.Ra4 Kh5
36.Rb4 Kg6 37.Ra4 h5  1/2-1/2

[Event "ESP-chT"]
[Site "Ponferrada"]
[Date "1997.??.??"]
[Round "4"]
[White "Cramling, Pia"]
[Black "Arencibia, Walter"]
[Result "1/2-1/2"]
[WhiteElo "2520"]
[BlackElo "2550"]

1.d4 d5 2.c4 dxc4 3.Nf3 e6 4.e3 Nf6 5.Bxc4 c5 6.O-O a6 7.b3 cxd4 8.Nxd4 Bd7
9.Bb2 Nc6 10.Nd2 Be7 11.Be2 O-O 12.Nc4 b5 13.Nxc6 Bxc6 14.Ne5 Bd5 15.Bf3 Rc8
16.a4 Bxf3 17.Qxf3 Qd5 18.Qxd5 Nxd5 19.axb5 axb5 20.Rfc1 Rxc1+ 21.Rxc1 Ra8
22.Nc6 Bf8 23.Ra1 Rxa1+ 24.Bxa1 Bc5 25.Kf1 Nb4 26.Nxb4 Bxb4  1/2-1/2

[Event "ESP-chT"]
[Site "Ponferrada"]
[Date "1997.??.??"]
[Round "6"]
[White "Alvarez Ibarra, D Rafael"]
[Black "Magem Badals, Jorge"]
[Result "1/2-1/2"]
[WhiteElo "2395"]
[BlackElo "2550"]

1.d4 d5 2.c4 dxc4 3.e3 e6 4.Bxc4 Nf6 5.Nf3 c5 6.dxc5 Qxd1+ 7.Kxd1 Bxc5 8.a3 Nbd7
9.Nbd2 b6 10.Ke2 Bb7 11.b4 Be7 12.Bb2 O-O 13.Rhc1 Rfc8 14.Bb5 Nf8 15.Rxc8  1/2-1/2

[Event "POL-ch sf"]
[Site "Poraj "]
[Date "1997.??.??"]
[Round "6"]
[White "Sosnicki, Michal"]
[Black "Weglarz, Leszek"]
[Result "1/2-1/2"]
[WhiteElo "2225"]
[BlackElo "2370"]

1.Nf3 d5 2.d4 e6 3.c4 dxc4 4.e3 c5 5.Bxc4 Nf6 6.Qe2 a6 7.dxc5 Bxc5 8.O-O Nc6
9.a3 Qe7 10.b4 Ba7 11.Bb2 b5 12.Bb3 Bb7 13.Nc3 O-O 14.Rfd1  1/2-1/2

[Event "CRO-Cup"]
[Site "Pula"]
[Date "1997.??.??"]
[Round "?"]
[White "Havas, Ladislav"]
[Black "Kapic, Ibrahim"]
[Result "1/2-1/2"]
[WhiteElo "2270"]
[BlackElo "2300"]

1.d4 d5 2.c4 dxc4 3.Nf3 Nf6 4.e3 e6 5.Bxc4 c5 6.O-O a6 7.Bb3 Nc6 8.Qe2 Qc7
9.Nc3 b5 10.dxc5 Bxc5 11.Bd2 O-O 12.Rac1 Qb6 13.Ng5 Bb7 14.Bc2 Rad8 15.Nce4 Nxe4
16.Bxe4 h6 17.Bh7+ Kh8 18.Bb1 Be7 19.Ne4 b4 20.Rfd1 a5 21.Be1 Rxd1 22.Rxd1 Rd8
23.Rxd8+  1/2-1/2

[Event "EU-chT (Women)"]
[Site "Pula"]
[Date "1997.??.??"]
[Round "2"]
[White "Kachiani Gersinska, Ketino"]
[Black "Danielian, Elina"]
[Result "1/2-1/2"]
[WhiteElo "2375"]
[BlackElo "2345"]

1.d4 d5 2.c4 dxc4 3.e3 Nf6 4.Bxc4 e6 5.Nf3 c5 6.Qe2 a6 7.dxc5 Bxc5 8.O-O Nc6
9.e4 b5 10.e5 bxc4 11.exf6 gxf6 12.Rd1 Qb6 13.Nc3 Bb7 14.Nd5 Qd8 15.Be3 Bxe3
16.Nxe3 Qe7 17.Nxc4 O-O 18.Nd6 Rfd8 19.Nxb7 Qxb7 20.Qe4 Qb5 21.h3 Ne7 22.b3 a5
23.Nd4 Qb6 24.Qh4 Kg7 25.Ne2 Qb4 26.Nf4 Nd5 27.Qg3+ Kh8 28.Nxd5 Rxd5 29.Rxd5 exd5
30.Rd1 Rd8 31.Qc7 Re8 32.Rxd5 Qe1+ 33.Kh2 Qxf2 34.Rd8 Rxd8 35.Qxd8+ Kg7 36.Qxa5 Qf4+
37.Kg1 Qe3+ 38.Kf1 Qd3+ 39.Kf2 Qd4+ 40.Kf1 Qd3+ 41.Ke1 Qe4+ 42.Kd1 Qxg2  1/2-1/2

[Event "EU-chT (Men)"]
[Site "Pula"]
[Date "1997.??.??"]
[Round "3"]
[White "Grabarczyk, Miroslaw"]
[Black "Degerman, Lars"]
[Result "1/2-1/2"]
[WhiteElo "2480"]
[BlackElo "2480"]

1.d4 d5 2.c4 dxc4 3.e3 e6 4.Bxc4 Nf6 5.Nf3 c5 6.Qe2 cxd4 7.exd4 Be7 8.O-O O-O
9.Nc3 Nbd7 10.Rd1 Nb6 11.Bb3 Bd7 12.Ne5 Bc6 13.Nxc6 bxc6 14.Bf4 Nbd5 15.Be5 Qa5
16.Rac1 Nd7 17.Na4 Nxe5 18.dxe5 Rfd8 19.g3 Rac8 20.Qc2 Bg5 21.Qc5 Qc7 22.f4 Be7
23.Qf2 Qa5 24.Nc5 Qb6 25.Ne4  1/2-1/2

[Event "EU-chT (Women)"]
[Site "Pula"]
[Date "1997.??.??"]
[Round "4"]
[White "Botsari Miladinovic, Anna Maria"]
[Black "Danielian, Elina"]
[Result "1/2-1/2"]
[WhiteElo "2330"]
[BlackElo "2345"]

1.d4 d5 2.c4 dxc4 3.Nf3 Nf6 4.e3 e6 5.Bxc4 c5 6.O-O a6 7.b3 Nbd7 8.Bb2 Be7
9.Nbd2 b5 10.Be2 Bb7 11.a4 bxa4 12.bxa4 a5  1/2-1/2

[Event "EU-chT (Men)"]
[Site "Pula"]
[Date "1997.??.??"]
[Round "4"]
[White "San Segundo, Pablo"]
[Black "Sadler, Matthew"]
[Result "0-1"]
[WhiteElo "2505"]
[BlackElo "2645"]

1.d4 d5 2.c4 dxc4 3.Nf3 Nf6 4.e3 e6 5.Bxc4 c5 6.O-O a6 7.Bd3 b6 8.Qe2 Bb7
9.Rd1 Nbd7 10.Nbd2 Be7 11.b3 O-O 12.Bb2 Qb8 13.Rac1 Rc8 14.Bb1 cxd4 15.Rxc8+ Qxc8
16.Nxd4 b5 17.e4 Nf8 18.N4f3 Qc7 19.a3 Rd8 20.b4 Ng6 21.g3 Ba8 22.Rc1 Qb7
23.Re1 Ne8 24.Nb3 Nd6 25.Nfd2 Qb6 26.h4 h6 27.Bd4 Qb8 28.h5 Nf8 29.Qg4 Ne8
30.e5 Nh7 31.Ne4 Qb7 32.f3 Qd5 33.Nbd2 Ng5 34.Kg2 a5 35.bxa5 Bxa3 36.Re3 Bb4
37.Rd3 Qc6 38.Bb6 Rxd3 39.Bxd3 Bxd2  0-1